La democracia cristiana de Panamá y el gobierno del presidente Endara /

Zapisane w:
Opis bibliograficzny
1. autor: Cochez, Guillermo
Format: Texto
Etykiety: Dodaj etykietę
Nie ma etykietki, Dołącz pierwszą etykiete!

MARC

LEADER 00000 a a2200000 04500
001 47828
003
040
100 |a Cochez, Guillermo  
245 |a La democracia cristiana de Panamá y el gobierno del presidente Endara /  |c Guillermo Cochez  
773 |g número20, (octubre-diciembre, 1990), páginas 43-49  
999 |c 39190  |d 39190